00737nam a2200193 a 450000100060000000300090000600800410001502000180005604000280007408200170010210000350011924500560015426000300021030000100024050501980025065000340044865000310048265000300051323052CO-ViMGA141112s2004 ck r 000 u spa d a9788480557801 aCO-ViMGAbspacCO-ViMGA04a616.024 G8411 aCaballero Martìnez, Fernando10aGuìa mèdica : bpara uso profesional y familiar aEspaña : bCultural s.a a576p. aManifestaciones clinicas de la enfermedad : sintomas y signos, Tecnicas de diagnosticos, Enfermedades del aparato respiratorio, Enfermedades cardiovasculares, Enfermedades del aparato locomotor14aMEDICICNA PREVENTIVA - GUIAS 14aMEDICINA FAMILIAR - GUIAS 14aPRIMEROS AUXILIOS - GUIAS